000
00231nam a2200097Ia 4500
001
681585
005
20250826161403.0
008
250824s9999 xx 000 0 und d
245
0
_a
HACI MURAT
_c
TOLSTOY
260
_b
ANONİM YAYINCILIK
999
_c
681585
_d
681585